| 000 | 00592nam a2200241Ia 4500 | ||
|---|---|---|---|
| 001 | 537 | ||
| 005 | 20240113233418.0 | ||
| 007 | ta | ||
| 008 | 050119s1968 a g b000 u eng u | ||
| 020 | _cHB | ||
| 040 | _astack | ||
| 041 | _aeng | ||
| 082 |
_aG 912 _bM 232 At |
||
| 100 | _aMc.Nally, Rand . | ||
| 245 | 0 |
_aAtlas of the world / _cRand Mc. Nally ed. _hTextual Documents |
|
| 260 |
_aNew York : _bTime - life books , _cc1968. |
||
| 300 |
_a160p : _bill ; _c27cm. . |
||
| 653 | _aAtlas of the world | ||
| 942 |
_2ddc _cBK |
||
| 999 |
_c535 _d535 |
||